00833nam a22002177a 450000500170000000800410001702000180005804100080007604300120008404400070009608200190010310000250012224501490014726000510029630000300034750400280037765000520040565000340045765000630049165000610055420130812135327.0090909s2008 ck a gr 00010dspa d a9789589804049 aspa as-ck--- ack04a591.529 bV29s1 aVargas-Tovar, Nancy.10aSecreteando al zorro : b¿Una vía de reconciliación entre las realidades y ficciones del manejo de fauna silvestre? / cNancy Vargas Tovar.3 aBogotábFundación Natura Colombia, c2008. a193 p. : bil. ; c24 cm. aIncluye bibliografía. 6aConservación de la vida silvestrez Colombia. aEcología animalz Colombia. 6aConservación de la biodiversidad biológicaz Colombia. 6aZoologíax Conservación de especímenesz Colombia.